01059nam a2200277Ia 4500001001100000003000800011006001900019007001500038008004100053020001500094040002100109035002000130050002300150100002900173245010500202260004100307300001200348500004100360533015200401650001500553650002300568655002900591710001700620856012500637999001900762ebr2001574CaPaEBRm u cr cn|||||||||030218s2001 enk s 000 0 eng d z1843270404 aCaPaEBRcCaPaEBR a(OCoLC)7074919014aHB161b.S65 2001eb1 aSmith, Adam,d1723-1790.13aAn Inquiry into the nature and causes of the wealth of nationsh[electronic resource] /cAdam Smith. aLondon :bElectric Book Co.,cc2001. a1281 p. aCover title : The Wealth of nations. aElectronic reproduction.bPalo Alto, Calif. :cebrary,d2009.nAvailable via World Wide Web.nAccess may be limited to ebrary affiliated libraries. 0aEconomics. 0aPolitical science. 7aElectronic books.2local2 aebrary, Inc.40uhttp://site.ebrary.com/lib/rucke/Doc?id=2001574zAn electronic book accessible through the World Wide Web; click to view c127608d127608